Geological Survey research 1976 : a summary of recent significant scientific and economic results accompanied by a list of geologic and hydrologic investigations in progress and a report on the status of topographic mapping /

A summary of recent significant scientific and economic results accompanied by a list of geologic and hydrologic investigations in progress and a report on the status of topographic mapping.

Bibliographic Details
Corporate Author: Geological Survey (U.S.)
Format: Government Document Book
Language:English
Published: Washington : U.S. Govt. Print. Off, 1976.
Series:Geological Survey professional paper ; 1000.
Subjects:

MARC

Tag First Indicator Second Indicator Subfields
LEADER 00000cam a2200000Ii 4500
001 in00002784469
005 20150922145814.0
008 790516s1976 dcub b f001 0 eng d
035 |a (OCoLC)ocm04971019 
035 |a (OCoLC)4971019 
040 |a UDI  |c UDI  |d OCL  |d IAS  |d OCLCQ  |d TXJ  |d UPM  |d UtOrBLW 
043 |a n-us--- 
049 |a TXAM 
050 1 4 |a QE75  |b .P9 no.1000 
086 0 |a I 19.16:1000 
110 2 |a Geological Survey (U.S.) 
245 1 0 |a Geological Survey research 1976 :  |b a summary of recent significant scientific and economic results accompanied by a list of geologic and hydrologic investigations in progress and a report on the status of topographic mapping /  |c U.S. Geological Survey. 
264 1 |a Washington :  |b U.S. Govt. Print. Off,  |c 1976. 
300 |a xi, 414 pages :  |b maps ;  |c 29 cm. 
336 |a text  |b txt  |2 rdacontent 
337 |a unmediated  |b n  |2 rdamedia 
338 |a volume  |b nc  |2 rdacarrier 
490 1 |a Geological Survey professional paper ;  |v 1000 
500 |a Includes indexes. 
504 |a Includes bibliographical references (pages 327-344). 
520 |a A summary of recent significant scientific and economic results accompanied by a list of geologic and hydrologic investigations in progress and a report on the status of topographic mapping. 
650 0 |a Water resources development  |z United States. 
650 0 |a Geology  |z United States. 
650 0 |a Hydrogeology. 
830 0 |a Geological Survey professional paper ;  |v 1000. 
948 |a cataloged  |b h  |c 2012/11/26  |d c  |e mvaldespin  |f 02:16:14 pm 
994 |a C0  |b TXA 
999 |a MARS 
999 f f |s 0711ccee-93dd-3c9f-9526-2d7bf28c8395  |i 820ffc67-d765-31dc-9891-d20687105307  |t 0 
952 f f |p normal  |a Texas A&M University  |b College Station  |c Sterling C. Evans Library  |d Evans: US Documents (Annex 5th floor)  |t 0  |e I 19.16:1000-1004  |h Superintendent of Documents classification  |i unmediated -- volume  |m A14841211641 
952 f f |a Texas A&M University  |b College Station  |c Sterling C. Evans Library  |d Evans: US Documents (Annex 5th floor)  |t 0  |e I 19.16:1000-1004  |h Superintendent of Documents classification 
998 f f |a I 19.16:1000-1004  |t 0  |l Evans: US Documents (Annex 5th floor)